بهادر شاه ظفر اور ان كا عهد : ١٨٥٧ كي عالم اشوب تحريك انقلاب كي مستند اور مكمل ومفصل تاريخ # # bihadir shah zafar awr an ka ahd 1857 kay alam ashub tahrik inqilab kay mustanad awar mukamil wamufasal tarikh / (Record no. 80432)
[ view plain ]
| 000 -LEADER | |
|---|---|
| fixed length control field | 00851naa a2200205 a 4500 |
| 001 - CONTROL NUMBER | |
| control field | 80432 |
| 003 - CONTROL NUMBER IDENTIFIER | |
| rucl marc code | BD-RjUL |
| 005 - DATE AND TIME OF LATEST TRANSACTION | |
| control field | 20220926115859.0 |
| 008 - FIXED-LENGTH DATA ELEMENTS--GENERAL INFORMATION | |
| fixed length control field | 220926s19691956pk ||||| |||| 00| 0 urd d |
| 035 ## - SYSTEM CONTROL NUMBER | |
| System control number | (BD-RjUL)80432 |
| 040 ## - CATALOGING SOURCE | |
| Original cataloging agency | BD-RjUL |
| Language of cataloging | eng |
| Transcribing agency | BD-RjUL |
| 041 ## - LANGUAGE CODE | |
| Language code of text/sound track or separate title | urd |
| 082 ## - DEWEY DECIMAL CLASSIFICATION NUMBER | |
| Edition number | 23 |
| Classification number | 954.23 |
| Author mark and year | NAB 1969 |
| 245 ## - TITLE STATEMENT | |
| Title | بهادر شاه ظفر اور ان كا عهد : ١٨٥٧ كي عالم اشوب تحريك انقلاب كي مستند اور مكمل ومفصل تاريخ # # bihadir shah zafar awr an ka ahd 1857 kay alam ashub tahrik inqilab kay mustanad awar mukamil wamufasal tarikh / |
| Statement of responsibility, etc. | سيد رئيس احمد جعفري ندوي # # Syed Rais Ahmad Jafari Nadwi |
| 250 ## - EDITION STATEMENT | |
| Edition statement | 3rd. Ed. |
| 260 ## - PUBLICATION, DISTRIBUTION, ETC. (IMPRINT) | |
| Place of publication, distribution, etc. | Lahore : |
| Name of publisher, distributor, etc. | Shaikh Golam Ali , |
| Date of publication, distribution, etc. | 1969 |
| 300 ## - PHYSICAL DESCRIPTION | |
| Pagination | 1192 p. ; |
| Size | 23 cm |
| 650 ## - SUBJECT ADDED ENTRY--TOPICAL TERM | |
| Topical term or geographic name as entry element | History |
| Chronological subdivision | 1857- |
| 9 (RLIN) | 4999 |
| 942 ## - ADDED ENTRY ELEMENTS (KOHA) | |
| Source of classification or shelving scheme | Dewey Decimal Classification |
| Koha item type | Books |
| Lost status | Source of classification or shelving scheme | Damaged status | Not for loan | Collection code | Permanent Location | Current Location | Shelving location | Date acquired | Cost, normal purchase price | Full call number | Date last seen | Copy number | Koha item type |
|---|---|---|---|---|---|---|---|---|---|---|---|---|---|
| Dewey Decimal Classification | Not For Loan | Non-fiction | Central Library, University of Rajshahi | Central Library, University of Rajshahi | Reading Room | 26/09/2022 | 30.00 | U 954.023 NAB 1969 | 26/09/2022 | C-1 | Books |